<?xml version='1.0' encoding='UTF-8'?>
  <record xmlns="http://www.loc.gov/MARC21/slim">
    <leader>00000cam a2200000 a 4500</leader>
    <controlfield tag="001">ocm43176927</controlfield>
    <controlfield tag="003">OCoLC</controlfield>
    <controlfield tag="005">20250918203057.8</controlfield>
    <controlfield tag="008">931012s1877    ne       c    000 0 fre d</controlfield>
    <datafield tag="040" ind1=" " ind2=" ">
      <subfield code="a">EQO</subfield>
      <subfield code="b">eng</subfield>
      <subfield code="c">EQO</subfield>
      <subfield code="d">STF</subfield>
      <subfield code="d">OCLCF</subfield>
      <subfield code="d">OCLCQ</subfield>
      <subfield code="d">OCLCO</subfield>
      <subfield code="d">JPG</subfield>
      <subfield code="d">OCLCA</subfield>
      <subfield code="d">OCLCO</subfield>
      <subfield code="d">OCLCQ</subfield>
      <subfield code="d">OCLCL</subfield>
      <subfield code="d">OCLCO</subfield>
    </datafield>
    <datafield tag="029" ind1="1" ind2=" ">
      <subfield code="a">NLGGC</subfield>
      <subfield code="b">060189053</subfield>
    </datafield>
    <datafield tag="035" ind1=" " ind2=" ">
      <subfield code="a">(OCoLC)43176927</subfield>
    </datafield>
    <datafield tag="050" ind1="1" ind2="4">
      <subfield code="a">NE250</subfield>
      <subfield code="b">.F745 1877</subfield>
    </datafield>
    <datafield tag="110" ind1="2" ind2=" ">
      <subfield code="a">Frederik Muller &amp; Cie.</subfield>
      <subfield code="1">https://id.oclc.org/worldcat/entity/E39QQPVp7XPTwKqHWtVj6RWQFg</subfield>
    </datafield>
    <datafield tag="245" ind1="1" ind2="0">
      <subfield code="a">Catalogue raisonné de portraits de peintres, graveurs, architectes, médailleurs, orfèvres-ciseleurs et calligraphes :</subfield>
      <subfield code="b">de tous lea temps et de toutes les écoles, avec indication des lieux de leur naissance et des années de leur vie.</subfield>
    </datafield>
    <datafield tag="246" ind1="1" ind2="4">
      <subfield code="a">Catalogue raisonné de 3000 portraits de peintres, graveurs, architectes, médailleurs, orfèvres et calligraphes</subfield>
    </datafield>
    <datafield tag="246" ind1="3" ind2=" ">
      <subfield code="a">Catalogue raisonné de trois mille portraits de peintres, graveurs, architectes, médailleurs, orfèvres et calligraphes</subfield>
    </datafield>
    <datafield tag="260" ind1=" " ind2=" ">
      <subfield code="a">Amsterdam :</subfield>
      <subfield code="b">En vente, à prix marqués chez Frederik Muller &amp; Co.,</subfield>
      <subfield code="c">1877.</subfield>
    </datafield>
    <datafield tag="300" ind1=" " ind2=" ">
      <subfield code="a">116 pages ;</subfield>
      <subfield code="c">24 cm</subfield>
    </datafield>
    <datafield tag="336" ind1=" " ind2=" ">
      <subfield code="a">text</subfield>
      <subfield code="b">txt</subfield>
      <subfield code="2">rdacontent</subfield>
    </datafield>
    <datafield tag="337" ind1=" " ind2=" ">
      <subfield code="a">unmediated</subfield>
      <subfield code="b">n</subfield>
      <subfield code="2">rdamedia</subfield>
    </datafield>
    <datafield tag="338" ind1=" " ind2=" ">
      <subfield code="a">volume</subfield>
      <subfield code="b">nc</subfield>
      <subfield code="2">rdacarrier</subfield>
    </datafield>
    <datafield tag="650" ind1=" " ind2="0">
      <subfield code="a">Portraits, European</subfield>
      <subfield code="v">Catalogs.</subfield>
    </datafield>
    <datafield tag="650" ind1=" " ind2="0">
      <subfield code="a">Portrait prints</subfield>
      <subfield code="v">Catalogs.</subfield>
    </datafield>
    <datafield tag="650" ind1=" " ind2="0">
      <subfield code="a">Artists</subfield>
      <subfield code="v">Portraits</subfield>
      <subfield code="v">Catalogs.</subfield>
    </datafield>
    <datafield tag="650" ind1=" " ind2="6">
      <subfield code="a">Portraits européens</subfield>
      <subfield code="v">Catalogues.</subfield>
    </datafield>
    <datafield tag="650" ind1=" " ind2="6">
      <subfield code="a">Gravure de portraits</subfield>
      <subfield code="v">Catalogues.</subfield>
    </datafield>
    <datafield tag="650" ind1=" " ind2="6">
      <subfield code="a">Artistes</subfield>
      <subfield code="v">Portraits</subfield>
      <subfield code="v">Catalogues.</subfield>
    </datafield>
    <datafield tag="650" ind1=" " ind2="7">
      <subfield code="a">Artists</subfield>
      <subfield code="2">fast</subfield>
    </datafield>
    <datafield tag="650" ind1=" " ind2="7">
      <subfield code="a">Portrait prints</subfield>
      <subfield code="2">fast</subfield>
    </datafield>
    <datafield tag="650" ind1=" " ind2="7">
      <subfield code="a">Portraits, European</subfield>
      <subfield code="2">fast</subfield>
    </datafield>
    <datafield tag="655" ind1=" " ind2="7">
      <subfield code="a">Catalogs</subfield>
      <subfield code="2">fast</subfield>
    </datafield>
    <datafield tag="655" ind1=" " ind2="7">
      <subfield code="a">Portraits</subfield>
      <subfield code="2">fast</subfield>
    </datafield>
    <datafield tag="776" ind1="0" ind2="8">
      <subfield code="i">Online version:</subfield>
      <subfield code="a">Frederik Muller &amp; Cie.</subfield>
      <subfield code="t">Catalogue raisonné de portraits de peintres, graveurs, architectes, médailleurs, orfèvres-ciseleurs et calligraphes.</subfield>
      <subfield code="d">Amsterdam : En vente, à prix marqués chez Frederik Muller &amp; Co., 1877</subfield>
      <subfield code="w">(OCoLC)935967365</subfield>
    </datafield>
  </record>